000 00391nam a2200169Ia 4500
001 28068
003 IN-NITTTR
005 20251114233348.0
008 251113s9999||||xx |||||||||||||| ||eng||
040 _beng
040 _cIN-NITTTR
041 _aeng
082 _a624.1834 S51C
100 _aSanthakumar, A. R.
245 0 _aConcrete technology /
_cSanthakumar, A. R.
942 _2ddc
_cBK
999 _c30696
_d30696